[Event "DVM U10 2024"]
[Site "Düsseldorf GER"]
[Date "2024.12.27"]
[Round "1"]
[White "Luo, Milo"]
[Black "Belyakov, Konstantin"]
[Result "0-1"]
[Termination "normal"]
[Board "2.4"]
[WhiteElo "1083"]
[BlackElo "1251"]
[WhiteClock "00:23:57"]
[BlackClock "00:44:37"]
[WhiteTeam "Schach-Kids Bernhausen"]
[BlackTeam "SV Empor Berlin"]
[PlyCount "36"]
[BlackFideId "533011486"]
[EventCountry "GER"]
[EventRounds "7"]
[EventType "team-swiss"]
[EventDate "2024.12.26"]

1. e4 {[%clk 00:55:06]} {[%emt 00:00:04]} e6 {[%clk 00:55:09]} {[%emt
00:00:07]} 2. d4 {[%clk 00:54:50]} {[%emt 00:00:21]} d5 {[%clk 00:55:08]}
{[%emt 00:00:06]} 3. Be3 {[%clk 00:54:32]} {[%emt 00:00:23]} Nf6 {[%clk
00:55:03]} {[%emt 00:00:10]} 4. e5 {[%clk 00:53:35]} {[%emt 00:01:02]} Nfd7
{[%clk 00:55:00]} {[%emt 00:00:08]} 5. f4 {[%clk 00:51:52]} {[%emt 00:01:48]}
c5 {[%clk 00:54:53]} {[%emt 00:00:12]} 6. c3 {[%clk 00:51:43]} {[%emt
00:00:14]} Nc6 {[%clk 00:54:50]} {[%emt 00:00:07]} 7. Nf3 {[%clk 00:50:29]}
{[%emt 00:01:19]} Qb6 {[%clk 00:54:33]} {[%emt 00:00:21]} 8. Bd3 {[%clk
00:43:54]} {[%emt 00:06:41]} Qxb2 {[%clk 00:51:52]} {[%emt 00:02:46]} 9. Nbd2
{[%clk 00:38:59]} {[%emt 00:05:01]} Qxc3 {[%clk 00:51:01]} {[%emt 00:00:55]}
10. Qb3 {[%clk 00:34:48]} {[%emt 00:04:16]} Qxb3 {[%clk 00:49:03]} {[%emt
00:02:04]} 11. axb3 {[%clk 00:34:34]} {[%emt 00:00:18]} cxd4 {[%clk 00:48:49]}
{[%emt 00:00:19]} 12. Nxd4 {[%clk 00:32:45]} {[%emt 00:01:54]} Nxd4 {[%clk
00:48:32]} {[%emt 00:00:23]} 13. Bxd4 {[%clk 00:32:27]} {[%emt 00:00:22]} Bc5
{[%clk 00:48:30]} {[%emt 00:00:07]} 14. Nf3 {[%clk 00:31:10]} {[%emt 00:01:22]}
Bxd4 {[%clk 00:48:11]} {[%emt 00:00:25]} 15. Nxd4 {[%clk 00:30:58]} {[%emt
00:00:16]} Nc5 {[%clk 00:48:01]} {[%emt 00:00:15]} 16. Bc2 {[%clk 00:30:28]}
{[%emt 00:00:36]} Bd7 {[%clk 00:45:42]} {[%emt 00:02:24]} 17. O-O {[%clk
00:28:43]} {[%emt 00:01:49]} O-O {[%clk 00:44:52]} {[%emt 00:00:55]} 18. f5
{[%clk 00:23:57]} {[%emt 00:04:52]} b6 {[%clk 00:44:37]} {[%emt 00:00:19]} 19.
Rae1 Rae8 20. Rf4 exf5 21. Nxf5 Bxf5 22. Rxf5 Ne6 23. Rh5 g6 24. Rh4 Nc7 25.
Re3 Ne6 26. Rd3 Rc8 27. Bd1 Rfd8 28. Bg4 Rc1+ 29. Kf2 Ng7 30. Rdh3 Rc2+ 31. Kf3
Rc3+ 32. Kf2 Rxh3 33. Rxh3 Re8 34. Re3 d4 35. Re1 Ne6 36. Ke2 Nc5 37. Kd1 Nxb3
38. Kc2 Na5 39. Kd3 Nc6 40. Bd7 Nxe5+ 41. Kxd4 Rd8 42. Rxe5 Rxd7+ 43. Ke4 f5+
44. Kf4 Rd4+ 45. Kg5 Rg4+ 46. Kf6 Re4 47. Rd5 Re8 48. Rd7 Ra8 49. Rg7+ Kh8 50.
Rb7 a5 51. Rxb6 a4 52. Rb1 a3 53. Ra1 a2 54. Ke5 Kg7 55. Kd4 Kf6 56. Kc4 Ke5
57. Kb3 Ke4 58. Rxa2 Rxa2 59. Kxa2 Ke3 60. Kb2 Kf2 61. g3 Kg2 62. Kc3 Kxh2 63.
Kd4 Kxg3 64. Ke3 h5 65. Ke2 h4 66. Kf1 g5 67. Kg1 f4 68. Kf1 h3 69. Kg1 f3 70.
Kf1 h2 71. Ke1 h1=Q+ 72. Kd2 Qg2+ 73. Kd3 Qe2+ 74. Kd4 Kf4 75. Kd5 Qe5+ 76. Kc4
Qd6 77. Kc3 Ke3 78. Kc4 Qc6+ 79. Kb4 Kd4 80. Ka5 Qb7 81. Ka4 Kc4 0-1

[Event "DVM U10 2024"]
[Site "Düsseldorf GER"]
[Date "2024.12.27"]
[Round "1"]
[White "Breaz, Albert"]
[Black "Riazi, Dominik"]
[Result "0-1"]
[Termination "normal"]
[Board "5.1"]
[WhiteElo "1494"]
[BlackElo "1584"]
[WhiteClock "00:54:23"]
[BlackClock "00:54:34"]
[WhiteTeam "SC Pforzheim 1906"]
[BlackTeam "SK Bad Homburg 1927"]
[PlyCount "10"]
[WhiteFideId "42215218"]
[BlackFideId "533002150"]
[EventCountry "GER"]
[EventRounds "7"]
[EventType "team-swiss"]
[EventDate "2024.12.26"]

1. e4 {[%clk 00:55:09]} {[%emt 00:00:17]} e5 {[%clk 00:55:08]} {[%emt
00:00:02]} 2. Nf3 {[%clk 00:55:03]} Nc6 {[%clk 00:55:08]} {[%emt 00:00:17]} 3.
Bc4 {[%clk 00:55:00]} {[%emt 00:00:07]} Bc5 {[%clk 00:54:44]} {[%emt 00:00:30]}
4. 0-0 {[%clk 00:54:54]} Nf6 {[%clk 00:54:34]} {[%emt 00:00:25]} 5. Nc3 {[%clk
00:54:23]} O-O {[%clk 00:54:34]} 6. Qe2 d6 7. h3 Be6 8. Bb3 Qe7 9. d3 h6 10.
Be3 Bb6 11. Rad1 Nd4 12. Bxd4 Bxd4 13. Nxd4 exd4 14. Nb5 c5 15. e5 Bxb3 16.
axb3 dxe5 17. f4 a6 18. Na3 e4 19. dxe4 Nxe4 20. Rfe1 f5 21. Qc4+ Kh8 22. Nb1
Qh4 23. Qf1 Rae8 24. c3 dxc3 25. bxc3 Re6 26. Rd7 Nd2 27. Rxe6 Nxf1 28. Kxf1
Qxf4+ 29. Ke2 Qc1 30. Nd2 Qxc3 31. Rxb7 Rd8 32. Nf3 c4 33. Re3 Qc2+ 34. Kf1
cxb3 35. Rbxb3 Rd1+ 36. Ne1 Rc1 37. Rbc3 Rxe1+ 0-1

[Event "DVM U10 2024"]
[Site "Düsseldorf GER"]
[Date "2024.12.27"]
[Round "1"]
[White "Graf, Tom"]
[Black "Sanguinette, Luis"]
[Result "1-0"]
[Termination "normal"]
[Board "6.3"]
[WhiteElo "1456"]
[BlackElo "918"]
[WhiteClock "00:12:27"]
[BlackClock "00:38:32"]
[WhiteTeam "SF Heidelberg"]
[BlackTeam "Schachzwerge Magdeburg"]
[PlyCount "59"]
[WhiteFideId "34622420"]
[EventCountry "GER"]
[EventRounds "7"]
[EventType "team-swiss"]
[EventDate "2024.12.26"]

1. e4 {[%clk 00:55:06]} e5 {[%clk 00:55:06]} {[%emt 00:00:06]} 2. Nf3 {[%clk
00:54:58]} {[%emt 00:00:12]} Nc6 {[%clk 00:55:05]} {[%emt 00:00:04]} 3. Bc4
{[%clk 00:54:52]} {[%emt 00:00:12]} Nf6 {[%clk 00:55:05]} {[%emt 00:00:05]} 4.
Nc3 {[%clk 00:53:59]} {[%emt 00:00:57]} Nxe4 {[%clk 00:55:01]} {[%emt
00:00:09]} 5. Nxe4 {[%clk 00:53:49]} {[%emt 00:00:15]} d5 {[%clk 00:55:01]}
{[%emt 00:00:05]} 6. Bd3 {[%clk 00:53:38]} {[%emt 00:00:16]} f5 {[%clk
00:54:59]} {[%emt 00:00:08]} 7. Bb5 {[%clk 00:48:54]} {[%emt 00:04:48]} fxe4
{[%clk 00:53:42]} {[%emt 00:01:22]} 8. Nxe5 {[%clk 00:45:44]} {[%emt 00:03:15]}
Bd6 {[%clk 00:53:29]} {[%emt 00:00:18]} 9. Qh5+ {[%clk 00:43:04]} {[%emt
00:02:46]} g6 {[%clk 00:51:46]} {[%emt 00:01:48]} 10. Nxg6 {[%clk 00:42:21]}
{[%emt 00:00:48]} hxg6 {[%clk 00:49:53]} {[%emt 00:01:57]} 11. Qxh8+ {[%clk
00:41:59]} {[%emt 00:00:27]} Bf8 {[%clk 00:49:34]} {[%emt 00:00:22]} 12. h4
{[%clk 00:34:52]} {[%emt 00:07:14]} Qe7 {[%clk 00:49:14]} {[%emt 00:00:24]} 13.
h5 {[%clk 00:33:42]} {[%emt 00:01:17]} g5 {[%clk 00:48:29]} {[%emt 00:00:50]}
14. h6 {[%clk 00:29:49]} {[%emt 00:03:58]} Bf5 {[%clk 00:48:20]} {[%emt
00:00:12]} 15. Qc3 {[%clk 00:23:07]} {[%emt 00:06:48]} Qd7 {[%clk 00:47:50]}
{[%emt 00:00:35]} 16. Bxc6 {[%clk 00:22:47]} {[%emt 00:00:24]} bxc6 {[%clk
00:47:37]} {[%emt 00:00:19]} 17. Qe5+ {[%clk 00:22:00]} {[%emt 00:00:52]} Be7
{[%clk 00:47:05]} {[%emt 00:00:37]} 18. h7 {[%clk 00:21:27]} {[%emt 00:00:38]}
Bxh7 {[%clk 00:44:01]} {[%emt 00:03:09]} 19. Rxh7 {[%clk 00:21:09]} {[%emt
00:00:23]} Qd6 {[%clk 00:41:29]} {[%emt 00:02:37]} 20. Rh8+ {[%clk 00:20:48]}
{[%emt 00:00:26]} Kd7 {[%clk 00:41:13]} {[%emt 00:00:21]} 21. Qxd6+ {[%clk
00:20:26]} {[%emt 00:00:27]} cxd6 {[%clk 00:40:39]} {[%emt 00:00:38]} 22. Rxa8
{[%clk 00:20:06]} {[%emt 00:00:25]} Ke6 {[%emt 00:00:24]} 23. Rxa7 {[%clk
00:19:31]} {[%emt 00:00:39]} g4 {[%clk 00:39:44]} {[%emt 00:00:44]} 24. d3
{[%clk 00:19:23]} {[%emt 00:00:12]} Bh4 {[%clk 00:39:29]} {[%emt 00:00:20]} 25.
dxe4 {[%clk 00:19:08]} {[%emt 00:00:21]} dxe4 {[%clk 00:39:16]} {[%emt
00:00:18]} 26. Be3 {[%clk 00:18:36]} {[%emt 00:00:37]} g3 {[%clk 00:39:04]}
{[%emt 00:00:17]} 27. fxg3 {[%clk 00:16:59]} {[%emt 00:01:42]} Bxg3+ {[%clk
00:39:00]} {[%emt 00:00:10]} 28. Ke2 {[%clk 00:16:26]} {[%emt 00:00:38]} c5
{[%clk 00:38:42]} {[%emt 00:00:21]} 29. Ra6 {[%clk 00:14:43]} {[%emt 00:01:48]}
Ke5 {[%clk 00:38:32]} {[%emt 00:00:15]} 30. Rd1 {[%clk 00:12:27]} {[%emt
00:02:22]} d5 31. Bh6 d4 32. Bg5 c4 33. Bf6+ Kf4 34. Rxd4 c3 35. Ra5 cxb2 36.
Rb5 Be1 37. Bg5+ Kg4 38. Rxe4+ Kg3 39. Rb3+ Kxg2 40. Rg4+ Bg3 41. Rgxg3+ Kh2
42. Rh3+ Kg2 43. Rbg3# 1-0

[Event "DVM U10 2024"]
[Site "Düsseldorf GER"]
[Date "2024.12.27"]
[Round "1"]
[White "Ragavendra Prasanna, Shyam Sundar"]
[Black "Bryzgalov, Mikhail"]
[Result "0-1"]
[Termination "normal"]
[Board "12.3"]
[WhiteElo "1524"]
[BlackElo "886"]
[WhiteClock "00:33:39"]
[BlackClock "00:39:58"]
[WhiteTeam "SV Stuttgart-Wolfbusch 1956"]
[BlackTeam "USV Halle"]
[PlyCount "116"]
[WhiteFideId "34656952"]
[EventCountry "GER"]
[EventRounds "7"]
[EventType "team-swiss"]
[EventDate "2024.12.26"]

1. d4 {[%clk 00:55:06]} {[%emt 00:00:05]} Nf6 {[%clk 00:55:05]} {[%emt
00:00:04]} 2. Bf4 {[%clk 00:55:04]} {[%emt 00:00:07]} e5 {[%clk 00:54:59]}
{[%emt 00:00:11]} 3. dxe5 {[%clk 00:54:56]} {[%emt 00:00:14]} Ne4 {[%clk
00:54:59]} {[%emt 00:00:04]} 4. e3 {[%clk 00:54:29]} {[%emt 00:00:30]} Qh4
{[%clk 00:54:54]} {[%emt 00:00:12]} 5. g3 {[%clk 00:54:16]} {[%emt 00:00:19]}
Qd8 {[%clk 00:54:03]} {[%emt 00:00:06]} 6. Bg2 {[%clk 00:53:43]} {[%emt
00:01:28]} d5 {[%clk 00:52:56]} {[%emt 00:00:21]} 7. exd6 {[%clk 00:53:04]}
Nxd6 {[%clk 00:52:56]} 8. Nc3 {[%clk 00:53:04]} {[%emt 00:01:34]} Nc6 {[%clk
00:52:26]} 9. Nf3 {[%clk 00:52:44]} {[%emt 00:01:00]} Bg4 {[%emt 00:00:26]} 10.
h3 {[%clk 00:52:14]} {[%emt 00:00:27]} Bh5 {[%clk 00:51:53]} {[%emt 00:00:11]}
11. g4 {[%clk 00:51:58]} {[%emt 00:00:34]} Bg6 {[%clk 00:51:29]} {[%emt
00:00:15]} 12. Ne5 {[%clk 00:50:04]} {[%emt 00:03:24]} Nxe5 {[%clk 00:51:08]}
{[%emt 00:00:17]} 13. Bxe5 {[%clk 00:49:58]} {[%emt 00:00:21]} Be7 {[%clk
00:50:29]} {[%emt 00:00:31]} 14. Bxd6 {[%clk 00:48:52]} {[%emt 00:01:24]} Bxd6
{[%clk 00:50:27]} {[%emt 00:00:06]} 15. Bxb7 {[%clk 00:48:44]} {[%emt
00:00:12]} Rb8 {[%clk 00:50:02]} {[%emt 00:00:27]} 16. Bc6+ {[%clk 00:48:28]}
{[%emt 00:00:24]} Kf8 {[%clk 00:49:46]} {[%emt 00:00:18]} 17. Nb5 {[%clk
00:47:29]} {[%emt 00:01:08]} Bc5 {[%clk 00:48:55]} {[%emt 00:00:55]} 18. Qxd8+
{[%clk 00:46:39]} {[%emt 00:00:56]} Rxd8 {[%clk 00:48:34]} {[%emt 00:00:25]}
19. Nxc7 {[%clk 00:45:52]} {[%emt 00:00:53]} Rc8 {[%clk 00:48:27]} {[%emt
00:00:12]} 20. O-O-O {[%clk 00:44:55]} {[%emt 00:01:03]} Rxc7 {[%clk 00:48:18]}
{[%emt 00:00:11]} 21. Rd8+ {[%clk 00:44:43]} {[%emt 00:00:19]} Ke7 {[%clk
00:48:12]} {[%emt 00:00:08]} 22. Rxh8 {[%clk 00:44:30]} {[%emt 00:00:21]} Rxc6
{[%clk 00:48:03]} {[%emt 00:00:11]} 23. f4 {[%clk 00:44:02]} {[%emt 00:00:36]}
Bxe3+ {[%emt 00:01:39]} 24. Kb1 {[%clk 00:42:59]} {[%emt 00:01:33]} Bxf4 {[%clk
00:47:19]} {[%emt 00:00:20]} 25. Re1+ {[%clk 00:42:40]} {[%emt 00:00:23]} Kf6
{[%clk 00:46:47]} {[%emt 00:00:38]} 26. Re2 {[%clk 00:42:11]} {[%emt 00:00:34]}
Rd6 {[%clk 00:46:24]} {[%emt 00:00:20]} 27. a3 {[%clk 00:41:45]} {[%emt
00:00:38]} Kg5 {[%clk 00:45:41]} {[%emt 00:00:47]} 28. Ra8 {[%clk 00:41:23]}
{[%emt 00:00:28]} a6 {[%clk 00:45:22]} {[%emt 00:00:21]} 29. Rb8 {[%clk
00:41:18]} {[%emt 00:00:13]} f6 {[%clk 00:45:11]} {[%emt 00:00:15]} 30. b4
{[%clk 00:39:57]} {[%emt 00:01:28]} Rd1+ {[%clk 00:45:01]} {[%emt 00:00:14]}
31. Kb2 {[%clk 00:39:38]} {[%emt 00:00:25]} Bxb8 {[%clk 00:44:50]} {[%emt
00:00:16]} 32. Re3 {[%clk 00:37:11]} {[%emt 00:02:32]} Be5+ {[%clk 00:44:35]}
{[%emt 00:00:19]} 33. Kb3 {[%clk 00:36:55]} {[%emt 00:00:22]} Bf7+ {[%clk
00:44:16]} {[%emt 00:00:23]} 34. Ka4 {[%clk 00:36:49]} {[%emt 00:00:11]} Kf4
{[%clk 00:44:07]} {[%emt 00:00:14]} 35. Rb3 {[%clk 00:36:39]} {[%emt 00:00:15]}
Bxb3+ {[%clk 00:43:46]} {[%emt 00:00:27]} 36. cxb3 {[%clk 00:36:21]} {[%emt
00:00:23]} Rd3 {[%clk 00:43:33]} {[%emt 00:00:16]} 37. b5 {[%clk 00:35:32]}
{[%emt 00:00:56]} axb5+ {[%clk 00:43:30]} {[%emt 00:00:08]} 38. Kb4 {[%clk
00:35:04]} {[%emt 00:00:32]} Rxh3 {[%clk 00:43:19]} {[%emt 00:00:17]} 39. a4
{[%clk 00:35:02]} {[%emt 00:00:07]} bxa4 {[%clk 00:43:10]} {[%emt 00:00:14]}
40. bxa4 {[%clk 00:34:44]} {[%emt 00:00:22]} Kxg4 {[%clk 00:43:00]} {[%emt
00:00:15]} 41. a5 {[%clk 00:34:37]} {[%emt 00:00:13]} Bb2 {[%emt 00:00:13]} 42.
Kb5 {[%emt 00:00:14]} Rh5+ {[%clk 00:42:22]} {[%emt 00:00:15]} 43. Kb6 {[%clk
00:34:30]} {[%emt 00:00:13]} Rxa5 {[%clk 00:42:15]} {[%emt 00:00:12]} 44. Kxa5
{[%clk 00:34:29]} {[%emt 00:00:06]} h5 {[%clk 00:42:06]} {[%emt 00:00:14]} 45.
Kb4 {[%clk 00:34:28]} {[%emt 00:00:06]} h4 {[%clk 00:41:55]} {[%emt 00:00:16]}
46. Kb3 {[%clk 00:34:02]} {[%emt 00:00:38]} h3 {[%clk 00:41:47]} {[%emt
00:00:16]} 47. Kxb2 {[%clk 00:33:59]} {[%emt 00:00:08]} h2 {[%clk 00:41:44]}
{[%emt 00:00:08]} 48. Kc2 {[%clk 00:34:00]} {[%emt 00:00:04]} h1=Q {[%clk
00:41:28]} {[%emt 00:00:20]} 49. Kd2 {[%clk 00:33:58]} {[%emt 00:00:07]} Qf3
{[%clk 00:41:03]} {[%emt 00:00:21]} 50. Kc2 {[%clk 00:33:54]} {[%emt 00:00:18]}
Qe3 {[%clk 00:41:00]} {[%emt 00:00:08]} 51. Kb2 {[%clk 00:33:53]} {[%emt
00:00:06]} Qd3 {[%clk 00:40:43]} {[%emt 00:00:22]} 52. Ka2 {[%clk 00:33:49]}
{[%emt 00:00:10]} Qc3 {[%clk 00:40:42]} {[%emt 00:00:05]} 53. Kb1 {[%clk
00:33:46]} {[%emt 00:00:09]} Qd2 {[%clk 00:40:39]} {[%emt 00:00:07]} 54. Ka1
{[%clk 00:33:46]} {[%emt 00:00:06]} Kf3 {[%clk 00:40:31]} {[%emt 00:00:12]} 55.
Kb1 {[%clk 00:33:46]} {[%emt 00:00:06]} Ke3 {[%clk 00:40:24]} {[%emt 00:00:12]}
56. Ka1 {[%clk 00:33:46]} {[%emt 00:00:04]} Kd3 {[%clk 00:40:11]} {[%emt
00:00:18]} 57. Kb1 {[%clk 00:33:45]} {[%emt 00:00:06]} Kc3 {[%clk 00:39:55]}
{[%emt 00:00:22]} 58. Ka1 {[%clk 00:33:39]} {[%emt 00:00:11]} Qb2# {[%clk
00:39:58]} {[%emt 00:00:02]} 0-1

[Event "DVM U10 2024"]
[Site "Düsseldorf GER"]
[Date "2024.12.27"]
[Round "2"]
[White "Saloum, Michael"]
[Black "Peters, Leopold"]
[Result "1-0"]
[Termination "normal"]
[Board "1.4"]
[WhiteElo "1067"]
[BlackElo "1701"]
[WhiteClock "00:04:07"]
[BlackClock "00:12:46"]
[WhiteTeam "SC Aurich"]
[BlackTeam "Hamburger SK 1830"]
[PlyCount "77"]
[WhiteFideId "34672915"]
[BlackFideId "34697179"]
[EventCountry "GER"]
[EventRounds "7"]
[EventType "team-swiss"]
[EventDate "2024.12.26"]

1. e4 {[%clk 00:55:03]} {[%emt 00:00:07]} e6 {[%clk 00:55:05]} {[%emt
00:00:07]} 2. Nf3 {[%clk 00:54:57]} {[%emt 00:00:08]} d5 {[%clk 00:55:03]}
{[%emt 00:00:09]} 3. Nc3 {[%clk 00:46:09]} {[%emt 00:08:52]} Nf6 {[%clk
00:53:13]} {[%emt 00:01:56]} 4. d3 {[%clk 00:43:09]} {[%emt 00:03:05]} Bb4
{[%clk 00:51:07]} {[%emt 00:02:11]} 5. Bd2 {[%clk 00:40:14]} {[%emt 00:02:59]}
O-O {[%clk 00:49:34]} {[%emt 00:01:38]} 6. g3 {[%clk 00:39:18]} {[%emt
00:01:01]} Bxc3 {[%clk 00:48:02]} {[%emt 00:01:37]} 7. Bxc3 {[%clk 00:38:10]}
{[%emt 00:01:12]} dxe4 {[%clk 00:47:40]} {[%emt 00:00:28]} 8. Bxf6 {[%clk
00:37:30]} {[%emt 00:00:45]} Qxf6 {[%clk 00:47:12]} {[%emt 00:00:34]} 9. dxe4
{[%clk 00:37:20]} {[%emt 00:00:15]} Rd8 {[%clk 00:46:29]} {[%emt 00:00:48]} 10.
Bd3 {[%clk 00:28:04]} {[%emt 00:09:19]} Qxb2 {[%clk 00:45:04]} {[%emt
00:01:31]} 11. O-O {[%clk 00:28:00]} {[%emt 00:00:09]} Nc6 {[%clk 00:44:30]}
{[%emt 00:00:40]} 12. e5 {[%clk 00:27:38]} {[%emt 00:00:27]} b6 {[%clk
00:42:44]} {[%emt 00:01:51]} 13. Re1 {[%clk 00:24:27]} {[%emt 00:03:15]} Bb7
{[%clk 00:41:01]} {[%emt 00:01:49]} 14. Ng5 {[%clk 00:22:28]} {[%emt 00:02:03]}
h6 {[%clk 00:38:58]} {[%emt 00:02:08]} 15. Nf3 {[%clk 00:19:15]} {[%emt
00:03:18]} Rd7 {[%clk 00:37:21]} {[%emt 00:01:42]} 16. Bh7+ {[%clk 00:18:08]}
{[%emt 00:01:11]} Kxh7 {[%clk 00:35:10]} {[%emt 00:02:15]} 17. Qxd7 {[%clk
00:16:45]} {[%emt 00:01:29]} Rc8 {[%clk 00:30:47]} {[%emt 00:04:28]} 18. Qxf7
{[%clk 00:15:58]} {[%emt 00:00:52]} Qc3 {[%clk 00:29:38]} {[%emt 00:01:14]} 19.
Nh4 {[%clk 00:14:36]} {[%emt 00:01:26]} Nxe5 {[%clk 00:28:17]} {[%emt
00:01:27]} 20. Qxe6 {[%clk 00:11:56]} {[%emt 00:02:44]} Nf3+ {[%clk 00:26:19]}
21. Nxf3 {[%clk 00:11:41]} {[%emt 00:02:24]} Qxf3 {[%clk 00:25:42]} {[%emt
00:00:42]} 22. Kf1 {[%clk 00:09:19]} {[%emt 00:02:27]} Rf8 {[%clk 00:23:19]}
{[%emt 00:02:28]} 23. Qe3 {[%clk 00:06:54]} {[%emt 00:02:29]} Qh1+ {[%clk
00:22:03]} {[%emt 00:01:22]} 24. Ke2 {[%clk 00:06:01]} {[%emt 00:00:58]} Ba6+
{[%clk 00:21:52]} {[%emt 00:00:16]} 25. Kd2 {[%clk 00:04:53]} {[%emt 00:01:13]}
Qd5+ {[%clk 00:20:55]} {[%emt 00:01:02]} 26. Kc1 {[%clk 00:04:44]} {[%emt
00:00:14]} Rd8 {[%clk 00:20:22]} {[%emt 00:00:39]} 27. Qe4+ {[%clk 00:04:37]}
{[%emt 00:00:12]} Qxe4 {[%clk 00:19:55]} {[%emt 00:00:32]} 28. Rxe4 {[%clk
00:04:40]} {[%emt 00:00:02]} Rf8 {[%clk 00:18:30]} {[%emt 00:01:30]} 29. f4
{[%clk 00:04:34]} {[%emt 00:00:11]} Rf7 {[%clk 00:18:06]} {[%emt 00:00:29]} 30.
c4 {[%clk 00:04:17]} {[%emt 00:00:21]} c5 {[%clk 00:17:41]} {[%emt 00:00:30]}
31. Kd2 {[%clk 00:04:08]} {[%emt 00:00:14]} Bb7 {[%clk 00:17:21]} {[%emt
00:00:25]} 32. Re3 {[%clk 00:04:00]} {[%emt 00:00:13]} Rd7+ {[%clk 00:17:05]}
{[%emt 00:00:21]} 33. Kc3 {[%clk 00:04:05]} Rc7 {[%clk 00:16:14]} {[%emt
00:00:56]} 34. Rae1 {[%clk 00:04:04]} {[%emt 00:00:06]} Bc8 {[%clk 00:15:44]}
{[%emt 00:00:33]} 35. Re7 {[%clk 00:03:58]} {[%emt 00:00:12]} Rxe7 {[%clk
00:15:06]} {[%emt 00:00:44]} 36. Rxe7 {[%clk 00:04:02]} a6 {[%clk 00:14:50]}
{[%emt 00:00:21]} 37. Rc7 {[%clk 00:04:03]} {[%emt 00:00:04]} Bf5 {[%clk
00:13:52]} {[%emt 00:01:02]} 38. Rc6 {[%clk 00:04:02]} {[%emt 00:00:06]} Bb1
{[%clk 00:12:46]} {[%emt 00:01:11]} 39. a3 {[%clk 00:04:07]} {[%emt 00:00:01]}
1-0